Die erfolgreichsten YouTube-Kanäle nach Abonnenten - Statistiken

Allgemein
  • Dieses Quiz wurde 58 mal gespielt
  • Das Durchschnittsergebnis liegt bei 3 aus 20
Antwortstatistiken
Abonnenten YouTube-Kanal % Korrekt
309 Mio MrBeast
96%
111 Mio PewDiePie
70%
271 Mio T-Series
59%
180 Mio Cocomelon - Nursery Rhymes
26%
80,7 Mio 5-Minute Crafts
4%
103 Mio WWE
4%
124 Mio Kids Diana Show
2%
118 Mio Like Nastya
2%
176 Mio SET India
2%
76,8 Mio Baby Shark - Pinkfong Kids’ Songs & Stories
0%
78,7 Mio BANGTANTV
0%
94,5 Mio Blackpink
0%
92,3 Mio ChuChu TV Nursery Rhymes & Kids Songs
0%
98,9 Mio Goldmines
0%
75,5 Mio HYBE LABELS
0%
94,6 Mio Sony SAB
0%
83,2 Mio Stokes Twins
0%
122 Mio Vlad and Niki
0%
109 Mio Zee Music Company
0%
82,8 Mio Zee Tv
0%
Keine übereinstimmenden Quizze gefunden
Verteilung der Resultate
Anzahl Personen mit jedem Resultat
Perzentil nach korrekt beantworteten Fragen
Ihre Resultats-Entwicklung
Sie haben dieses Quiz noch nicht gespielt